Handbook of Ancient Afro-Eurasian Economies : Volume 1: Contexts.

Bibliographic Details
Main Author: Reden, Sitta.
Other Authors: Dwivedi, Mamta., Fabian, Lara., Leese-Messing, Kathrin., Morris, Lauren., Weaverdyck, Eli J. S.
Format: eBook
Language:English
Published: Berlin/München/Boston : Walter de Gruyter GmbH, 2019.
Edition:1st ed.
Subjects:
Online Access:Click to View
LEADER 02863nam a22004213i 4500
001 EBC6637696
003 MiAaPQ
005 20231204023217.0
006 m o d |
007 cr cnu||||||||
008 231204s2019 xx o ||||0 eng d
020 |a 9783110607741  |q (electronic bk.) 
035 |a (MiAaPQ)EBC6637696 
035 |a (Au-PeEL)EBL6637696 
035 |a (OCoLC)1273978734 
040 |a MiAaPQ  |b eng  |e rda  |e pn  |c MiAaPQ  |d MiAaPQ 
082 0 |a 330.93 
100 1 |a Reden, Sitta. 
245 1 0 |a Handbook of Ancient Afro-Eurasian Economies :  |b Volume 1: Contexts. 
250 |a 1st ed. 
264 1 |a Berlin/München/Boston :  |b Walter de Gruyter GmbH,  |c 2019. 
264 4 |c {copy}2020. 
300 |a 1 online resource (774 pages) 
336 |a text  |b txt  |2 rdacontent 
337 |a computer  |b c  |2 rdamedia 
338 |a online resource  |b cr  |2 rdacarrier 
505 0 |a Intro -- Acknowledgements -- Contents -- List of Contributors -- Transliteration and Orthography -- Abbreviations -- Introduction: Ancient Economies and Global Connections -- Part I: Empires -- Introduction -- 1. The Hellenistic Empires -- 2. Central Asian Empires -- 3. Early Historic South Asia -- 4. The Qin and Han Empires -- 5. The Xiongnu Empire -- 6. The Arsakid Empire -- 7. The Roman Empire -- Part II: Evidence -- Introduction -- 8. Graeco-Roman Evidence -- 8.A Material Evidence -- 8.B Transmitted Texts -- 8.C Documentary Sources -- 9. Evidence for Central Asia -- 10. Evidence for Early South Asia -- 10.A Indic Sources -- 10.B Graeco-Roman Indography -- 11. Evidence for Arsakid Economic History -- 12. Qin and Han Evidence -- 12.A Transmitted Texts -- 12.B Excavated Texts -- 12.C Material Evidence: Lacquerware -- Part III: Historiographies -- Introduction -- 13. Russian Perspectives on Eurasian Pasts -- 14. The Qin and Han Economies in Modern Chinese and Japanese Historiographies -- 15. Trends in Economic History Writing of Early South Asia -- 16. Constructing Ancient Central Asia's Economic History -- 17. Economy, Frontiers, and the Silk Road in Western Historiographies of Graeco- Roman Antiquity -- Index. 
588 |a Description based on publisher supplied metadata and other sources. 
590 |a Electronic reproduction. Ann Arbor, Michigan : ProQuest Ebook Central, 2023. Available via World Wide Web. Access may be limited to ProQuest Ebook Central affiliated libraries.  
655 4 |a Electronic books. 
700 1 |a Dwivedi, Mamta. 
700 1 |a Fabian, Lara. 
700 1 |a Leese-Messing, Kathrin. 
700 1 |a Morris, Lauren. 
700 1 |a Weaverdyck, Eli J. S. 
776 0 8 |i Print version:  |a Reden, Sitta  |t Handbook of Ancient Afro-Eurasian Economies  |d Berlin/München/Boston : Walter de Gruyter GmbH,c2019 
797 2 |a ProQuest (Firm) 
856 4 0 |u https://ebookcentral.proquest.com/lib/matrademy/detail.action?docID=6637696  |z Click to View